Nghiên cứu sử dụng máy lạnh hấp thụ trong lĩnh vực điều hòa không khí tại Việt Nam

Na minha lista:
Detalhes bibliográficos
Autor principal: Nguyễn Thành Văn.
Outros Autores: Phan Quang Xưng, PGS.TSKH (hướng dẫn.)
Formato: Livro
Idioma:Vietnamese
Publicado em: Đà Nẵng, 1998.
Assuntos:
Tags: Adicionar Tag
Sem tags, seja o primeiro a adicionar uma tag!
Thư viện lưu trữ: Mạng thư viện Đại học Đà Nẵng
LEADER 01062cmm a2200349 i 4500
001 000044756
003 3164
005 20030508135347.0
008 010307|1998 vm 000 vie
040 |a IRC  |c IRC  |d IRC 
041 0 |a vie 
082 1 4 |a 621.59  |b NG-V 
100 1 |a Nguyễn Thành Văn. 
245 0 0 |a Nghiên cứu sử dụng máy lạnh hấp thụ trong lĩnh vực điều hòa không khí tại Việt Nam  |h [Thesis-Luận văn] /  |c Nguyễn Thành Văn thực hiện ; Phan Quang Xưng hướng dẫn. 
260 |a Đà Nẵng,  |c 1998. 
300 |a 78Tr. ;  |c 29cm. 
630 0 4 |a Luận án. 
630 0 4 |a Máy lạnh. 
630 0 4 |a Điều hòa không khí. 
650 0 4 |a Máy lạnh. 
650 0 4 |a Điều hoà không khí  |x Kỹ thuật. 
700 1 |a Phan Quang Xưng,  |c PGS.TSKH,  |e hướng dẫn. 
OWN |a DUT 
999 |a From the UDN01 
TYP |a Computer file 
TYP |a Monograph 
980 |a Mạng thư viện Đại học Đà Nẵng